| 000 | 00370 a2200133 4500 | ||
|---|---|---|---|
| 001 | 87859 | ||
| 082 | _aPR 235 | ||
| 090 |
_c41321 _d41321 |
||
| 100 | _aMuhammad Awais, Plt Off | ||
| 245 | _aStudy and design of Air to Air refuelling option of K-8P aircraft | ||
| 260 |
_aRisalpur _bNUST Risalpur _c2008 |
||
| 300 |
_axvi, 76p. _eSadiq Amin |
||
| 500 | _aBE Project Reports | ||
| 942 |
_aCAE NUST _kPR 235 |
||
| 999 |
_c322932 _d322932 |
||